Entry Personal Name
Number of records used in: 6
001 - CONTROL NUMBER
003 - CONTROL NUMBER IDENTIFIER
005 - DATE AND TIME OF LATEST TRANSACTION
- control field:
20230916145103.0
008 - FIXED-LENGTH DATA ELEMENTS
- fixed length control field:
790208n| azannaabn |b aaa
010 ## - LIBRARY OF CONGRESS CONTROL NUMBER
- LC control number:
n 78088956
035 ## - SYSTEM CONTROL NUMBER
- System control number:
(OCoLC)oca00224117
040 ## - CATALOGING SOURCE
- Original cataloging agency:
DLC
- Language of cataloging:
eng
- Description conventions:
rda
- Transcribing agency:
DLC
- Modifying agency:
MdU
- Modifying agency:
DLC
- Modifying agency:
DLC-R
- Modifying agency:
InU
- Modifying agency:
INS-SF
- Modifying agency:
OCoLC
- Modifying agency:
SG-SiILA
- Modifying agency:
OCoLC
- Modifying agency:
DLC
- Modifying agency:
GVaS
- Modifying agency:
OCoLC
053 #0 - LC CLASSIFICATION NUMBER
- Classification number element--single number or beginning number of span:
PR2660
- Classification number element--ending number of span:
PR2678
100 1# - HEADING--PERSONAL NAME
- Personal name:
Marlowe, Christopher,
- Dates associated with a name:
1564-1593
370 ## - ASSOCIATED PLACE
- Associated country:
Great Britain
- Source of term:
naf
374 ## - OCCUPATION
- Occupation:
Dramatists
- Source of term:
lcsh
377 ## - ASSOCIATED LANGUAGE
400 1# - SEE FROM TRACING--PERSONAL NAME
- Personal name:
Marloe, Christopher,
- Dates associated with a name:
1564-1593
400 1# - SEE FROM TRACING--PERSONAL NAME
- Personal name:
Marlo, Kristofėr,
- Dates associated with a name:
1564-1593
400 1# - SEE FROM TRACING--PERSONAL NAME
- Personal name:
Marlo, Christopher,
- Dates associated with a name:
1564-1593
400 1# - SEE FROM TRACING--PERSONAL NAME
- Personal name:
Marlow, Christopher,
- Dates associated with a name:
1564-1593
400 1# - SEE FROM TRACING--PERSONAL NAME
- Personal name:
Marlou, Kristofŭr,
- Dates associated with a name:
1564-1593
400 1# - SEE FROM TRACING--PERSONAL NAME
- Personal name:
Mallou, Kʻŭrisŭtʻopʻŏ,
- Dates associated with a name:
1564-1593
400 1# - SEE FROM TRACING--PERSONAL NAME
- Personal name:
Mar., Ch.
- Fuller form of name:
(Christopher Marlowe),
- Dates associated with a name:
1564-1593
400 1# - SEE FROM TRACING--PERSONAL NAME
- Personal name:
Mārlō,
- Dates associated with a name:
1564-1593
400 1# - SEE FROM TRACING--PERSONAL NAME
- Personal name:
مارلو، كرستوفر
670 ## - SOURCE DATA FOUND
- Source citation:
His The famous tragedy of the rich Jew of Malta, 1633:
- Information found:
t.p. (Christopher Marlo)
670 ## - SOURCE DATA FOUND
- Source citation:
His The troublesome raigne and lamentable death of Edward the Second, King of England, 1598:
- Information found:
t.p. (Chri. Marlow, Gent.)
670 ## - SOURCE DATA FOUND
- Source citation:
Shurbanov, A. Mezhdu patosa i ironii︠a︡ta, 1992:
- Information found:
t.p. (Kristofŭr Marlou)
670 ## - SOURCE DATA FOUND
- Source citation:
Susahak kwa mal ŭi him, 1992:
- Information found:
t.p. (Kʻŭrisŭtʻopʻŏ Mallou [in Korean])
670 ## - SOURCE DATA FOUND
- Source citation:
The tragicall historie of the life and death of Doctor Faustus, 1818:
- Information found:
t.p. (Ch. Mar.)
670 ## - SOURCE DATA FOUND
- Source citation:
Pukal̲mikka nāṭaka āciriyar Mārlōvin̲ Ṭākṭar K̲apāsṭas, 2005.